[Event "Lenzerheide Amateur op 4th"]
[Site "Lenzerheide"]
[Date "2023.10.08"]
[Round "4"]
[White "Baotic, Daniel"]
[Black "Schmidt, Timo"]
[Result "1-0"]
[WhiteElo "1730"]
[BlackElo "1245"]
[PlyCount "89"]
[EventDate "2023.10.06"]
[EventType "swiss"]
[EventRounds "5"]
[EventCountry "SUI"]
[SourceTitle "EXT 2025"]
[Source "ChessBase"]
[SourceDate "2024.10.14"]
[SourceVersion "1"]
[SourceVersionDate "2024.10.14"]
[SourceQuality "1"]

1. d4 f5 2. Nf3 g6 3. h4 Nf6 4. Bg5 Bg7 5. Nc3 Ne4 6. e3 h6 7. Bf4 Nxc3 8. bxc3 d6 9. Bc4 c6 10. a4 Qa5 11. Qd2 b6 12. 0-0 Bf6 13. Bg3 g5 14. Rfd1 Bb7 15. Be6 c5 16. Ne5 cxd4 17. exd4 f4 18. Nc4 Qa6 19. Bh2 Bc8 20. Qe2 Kf8 21. Bd5 Bb7 22. Qe6 Bxd5 23. Qxd5 Nc6 24. Nxd6 exd6 25. Qxd6+ Kg7 26. Qxc6 Rac8 27. Qd7+ Kg6 28. Rd3 Rc4 29. h5+ Kxh5 30. Rh3+ Kg6 31. Rd3 Rhc8 32. g3 Rxc3 33. Rxc3 Rxc3 34. Qe8+ Kg7 35. gxf4 gxf4 36. Bxf4 Qb7 37. Kh2 Bg5 38. Be5+ Kh7 39. Qh8+ Kg6 40. Qg8+ Kh5 41. Qe8+ Kh4 42. Bg3+ Kg4 43. Re1 Bf4 44. Qg6+ Kf3 45. Qh5# 1-0

[Event "Biel op-B 56th"]
[Site "Biel"]
[Date "2023.07.23"]
[Round "6"]
[White "Mani, Thomas"]
[Black "Baotic, Daniel"]
[Result "1-0"]
[WhiteElo "1629"]
[BlackElo "1767"]
[PlyCount "111"]
[EventDate "2023.07.17"]
[EventType "swiss"]
[EventRounds "9"]
[EventCountry "SUI"]
[SourceTitle "EXT 2024"]
[Source "ChessBase"]
[SourceDate "2023.10.10"]
[SourceVersion "1"]
[SourceVersionDate "2023.10.10"]
[SourceQuality "1"]

1. c4 c5 2. Nf3 Nc6 3. Nc3 d6 4. e3 g6 5. d4 cxd4 6. exd4 Bg7 7. h3 Nf6 8. d5 Nb8 9. Bd3 Na6 10. Be3 0-0 11. 0-0 Re8 12. Nb5 Nc5 13. Bc2 a6 14. Nc3 e6 15. Rb1 exd5 16. b4 Nce4 17. Nxe4 dxe4 18. Nd4 d5 19. c5 Nd7 20. Ba4 Rf8 21. Rc1 Ne5 22. c6 Nd3 23. Rb1 bxc6 24. Nxc6 Qc7 25. Qd2 Bb7 26. Nd4 Qe5 27. Bc2 f5 28. f4 Qe7 29. Bxd3 exd3 30. Qxd3 Rfe8 31. Nc2 Rac8 32. Bc5 Qe2 33. Qxe2 Rxe2 34. Rf2 Re4 35. Rd1 a5 36. a3 axb4 37. axb4 Kf7 38. Ne1 Rxc5 39. bxc5 Bd4 40. Rxd4 Rxd4 41. Nf3 Rd1+ 42. Rf1 Rxf1+ 43. Kxf1 Kf6 44. h4 h6 45. Kf2 Ke6 46. Ke3 Kf6 47. Kd4 Ke6 48. Ne5 Kf6 49. c6 Ba6 50. Kxd5 g5 51. g3 gxh4 52. gxh4 Ke7 53. Nc4 Bxc4+ 54. Kxc4 Kd6 55. Kd4 Kxc6 56. Ke5 1-0

[Event "Bodensee op"]
[Site "Bregenz"]
[Date "2022.05.25"]
[Round "5"]
[White "Schmitt, Daniel"]
[Black "Baotic, Daniel"]
[Result "1-0"]
[WhiteElo "2141"]
[BlackElo "1671"]
[PlyCount "103"]
[EventDate "2022.05.21"]
[EventType "swiss"]
[EventRounds "9"]
[EventCountry "AUT"]
[SourceTitle "CBM 208 Extra"]
[Source "ChessBase"]
[SourceDate "2022.07.31"]
[SourceVersion "1"]
[SourceVersionDate "2022.07.31"]
[SourceQuality "1"]

1. e4 e6 2. d4 d5 3. Nd2 c5 4. exd5 exd5 5. Ngf3 Nf6 6. Be2 Nc6 7. 0-0 cxd4 8. Nb3 Bd6 9. Nbxd4 0-0 10. Bg5 h6 11. Bh4 Be6 12. c3 Ne5 13. Nxe5 Bxe5 14. Nf3 Bc7 15. Qa4 g5 16. Bg3 Bxg3 17. hxg3 Qb6 18. Qc2 Ne4 19. Nd4 Rac8 20. Rad1 Kg7 21. Rfe1 Bd7 22. Qb3 Qf6 23. Bf3 Be6 24. Bxe4 dxe4 25. Nxe6+ fxe6 26. Rd7+ Kg6 27. Qc2 Rf7 28. Qxe4+ Kg7 29. Rxf7+ Qxf7 30. Qe5+ Qf6 31. Qxe6 Rc7 32. f3 Qxe6 33. Rxe6 Rd7 34. Kf2 Kf7 35. Re2 Kf6 36. g4 Rd6 37. Ke1 Ra6 38. b3 Rd6 39. Re3 Ra6 40. Re2 Rd6 41. Rd2 Rc6 42. c4 Ke6 43. Re2+ Kf6 44. Kd2 a6 45. Kc3 b5 46. Kd4 bxc4 47. bxc4 Rd6+ 48. Kc5 Rd1 49. Kc6 a5 50. Kb5 Rc1 51. a4 Rc3 52. c5 1-0

[Event "Wil Acrevis op 1st"]
[Site "Wil"]
[Date "2020.06.20"]
[Round "2"]
[White "Baotic, Daniel"]
[Black "Luciani, Valerio"]
[Result "0-1"]
[WhiteElo "1748"]
[BlackElo "2143"]
[PlyCount "64"]
[EventDate "2020.06.19"]
[EventType "swiss"]
[EventRounds "5"]
[EventCountry "SUI"]
[SourceTitle "CBM 197 Extra"]
[Source "ChessBase"]
[SourceDate "2020.09.30"]
[SourceVersion "1"]
[SourceVersionDate "2020.09.30"]
[SourceQuality "1"]

1. e4 e6 2. d4 d5 3. Nc3 Bb4 4. e5 c5 5. f4 cxd4 6. Qxd4 Nc6 7. Bb5 Qa5 8. Bxc6+ bxc6 9. Bd2 Qb6 10. Qxb6 axb6 11. Nf3 Bc5 12. a3 Nh6 13. Ne2 Bd7 14. Ned4 Be7 15. 0-0 c5 16. Ne2 f6 17. Ng3 f5 18. Rfd1 Nf7 19. Re1 g6 20. Rac1 h6 21. h3 d4 22. Kh2 Bc6 23. Ne2 g5 24. c4 g4 25. hxg4 fxg4 26. Nfg1 h5 27. Ng3 Bh4 28. Re2 Bxg3+ 29. Kxg3 Nh6 30. Kf2 h4 31. Ree1 Nf5 32. Ke2 Bxg2 0-1